Kiểu nhân vật nghịch dị trong tiểu thuyết Hồ Anh Thái
Nhân vật trong tác phẩm văn học và kiểu nhân vật nghịch dị. Các kiểu nhân vật nghịch dị trong tiểu thuyết Hồ Anh Thái. Nghệ thuật xây dựng kiểu nhân vật nghịch dị.
Shranjeno v:
| Glavni avtor: | |
|---|---|
| Drugi avtorji: | |
| Format: | Knjiga |
| Jezik: | Vietnamese |
| Izdano: |
Đà Nẵng
Đại học Sư phạm, Đại học Đà Nẵng
2013
|
| Teme: | |
| Oznake: |
Označite
Brez oznak, prvi označite!
|
| Thư viện lưu trữ: | Mạng thư viện Đại học Đà Nẵng |
|---|
| LEADER | 01716nam a2200385 4500 | ||
|---|---|---|---|
| 001 | 000018957 | ||
| 003 | 15392 | ||
| 005 | 20140312150311.0 | ||
| 008 | 140224s2013 viesd | ||
| 041 | |a vie | ||
| 072 | |a VH | ||
| 082 | 1 | 4 | |a 895.922334 |b HÔ-X |
| 100 | 1 | |a Hồ Thị Xuân | |
| 245 | 1 | 0 | |a Kiểu nhân vật nghịch dị trong tiểu thuyết Hồ Anh Thái |c Hồ Thị Xuân ; Nguyễn Khắc Sinh hướng dẫn |k Khóa luận tốt nghiệp |
| 260 | |a Đà Nẵng |b Đại học Sư phạm, Đại học Đà Nẵng |c 2013 | ||
| 300 | |a 65 tr. |c 29 cm. | ||
| 500 | |a Khóa luận tốt nghiệp đại học. Chuyên ngành: Cử nhân Văn học | ||
| 520 | |a Nhân vật trong tác phẩm văn học và kiểu nhân vật nghịch dị. Các kiểu nhân vật nghịch dị trong tiểu thuyết Hồ Anh Thái. Nghệ thuật xây dựng kiểu nhân vật nghịch dị. | ||
| 600 | 1 | 4 | |a Hồ Anh Thái |d 1960- |
| 650 | 0 | 4 | |a Tiểu thuyết Việt Nam |v Khóa luận tốt nghiệp |x Hồ Anh Thái |
| 653 | |a Tiểu thuyết Việt Nam | ||
| 653 | |a Nhân vật nghịch dị | ||
| 653 | |a Khoa Ngữ văn | ||
| 653 | |a Văn học Việt Nam | ||
| 700 | 1 | |a Nguyễn Khắc Sinh |c TS. |e Hướng dẫn | |
| OWN | |a LSP | ||
| AVA | |a UDN50 |b LSP |d 895.922334 HÔ-X |e available |t Error 5001 Not defined in file expand_doc_bib_avail. |f 1 |g 0 |h N |i 0 |k 1 | ||
| 999 | |a From the UDN01 | ||
| AVA | |a UDN50 |b LSP |d 895.922334 HÔ-X |e available |t Error 5001 Not defined in file expand_doc_bib_avail. |f 1 |g 0 |h N |i 0 |k 1 | ||
| TYP | |a Monograph | ||
| TYP | |a Printed language | ||
| 980 | |a Mạng thư viện Đại học Đà Nẵng | ||